Вогонь, що спалює дотла (Запис № 17537)

000 -Маркер запису
Контрольне поле сталої довжини 02076nam a22002537a 4500
003 - Належність контрольного номера
Контрольне поле Uzh_bibl
008 - Кодовані дані
Контрольне поле сталої довжини 260427b |||||||| |||| 00| 0 ukr d
020 ## - Індекс ISBN
ISBN 5-7775-0176-1
Ціна 0.90
040 ## - Джерело каталогіз.
Служба первин.кат. укр.
041 ## - Код мови видання
Код мови оригіналу українська
Код мови тексту українська
080 ## - Індекс УДК
Індекс УДК 821(477)
090 ## - Шифри
Поличний індекс 821(477)
Авторський знак Н 84
100 ## - Автор
Автор Носань, Сергій
245 ## - Назва
Назва Вогонь, що спалює дотла
Фізичний носій Текст
260 ## - Вихідні дані
Місце видання Дніпропетровськ
Видавництво Промінь
Дата видання 1989
300 ## - Фізичний опис
Обсяг 238 с.
Тип одиниці В опр.
520 ## - Анотація
Анотація Книгу сучасного українського письменника складають дві повісті. Автор порушує проблеми морально- етичного формування людської особистості, усвідомлення людиною своїх обов'язків перед сім'єю і суспільством. Серед героїв нових повістей- журналісти, художники, трудівники села. Характери виписано психологічно яскраво, колоритно.Твори відзначаються високим рівнем художньої майстерності: гострота сюжету, ліризм, здоровий гумор, своєрідне композиційне вирішення- роблять їх захоплюючими і цікавими.
521 ## - Примітка про цільове призначення
Примітка про цільове призначення Для широкого кола читачів
546 ## - Примітка про мову
Примітка про мову укр.
650 ## - Тематичні рубрики
Основна рубрика Літературно-художнє видання
Хронологічна підрубрика ХХ століття, зокрема повоєнні роки та період суспільних змін
Географічна підрубрика Події розгортаються в Україні, переважно в сільській місцевості та невеликих містах
653 ## - Ключові слова
Ключові слова Вогонь
-- Пристрасть
-- Конфлікт
-- Доля
-- Людина
655 ## - Термін індексування — жанр/форма
Жанр/форма Повісті (соціально-психологічна проза)
Типове ділення Повісті
942 ## - ADDED ENTRY ELEMENTS (KOHA)
Джерело класифікації чи схема поличного розташування
Koha item type Книги
Фонди
Статус вилучення Статус втрати/відсутності Джерело класифікації чи схема поличного розташування Статус пошкодження Тип обігу (не для випозичання) Постійне розташування Поточне розташування Розташування у відділі Дата надходження Інвентарний номер Total Checkouts Повний (примірниковий) шифр зберігання Штрих-код Date last seen Дата, для якої чинна ціна заміни Тип одиниці (рівень примірника)
          Публічна бібліотека Публічна бібліотека Абонемент 27/04/2026 37402   821(477) 20319 27/04/2026 27/04/2026 Книги

Працює на АБІС Коха